Schaum's outline of theory and problems of computer networking

Zapisane w:
Opis bibliograficzny
1. autor: Ed Tittel
Format: Książka
Język:Undetermined
Wydane: New York McGraw-Hill 2002
Hasła przedmiotowe:
Etykiety: Dodaj etykietę
Nie ma etykietki, Dołącz pierwszą etykiete!
Thư viện lưu trữ: Trung tâm Học liệu Trường Đại học Cần Thơ
LEADER 00489nam a2200181Ia 4500
001 CTU_54703
008 210402s9999 xx 000 0 und d
020 |b 261000 
082 |a 004.6 
082 |b T622 
100 |a Ed Tittel 
245 0 |a Schaum's outline of theory and problems of computer networking 
245 0 |c Ed Tittel 
260 |a New York 
260 |b McGraw-Hill 
260 |c 2002 
650 |a computer networks 
980 |a Trung tâm Học liệu Trường Đại học Cần Thơ